000 00560nam a2200157 i 4500
001 167844
003 ES-MaACL
005 20230906213616.0
008 051004s1852 fr |||| | fre d
100 1 _aWallon, Jean.
_9133874
245 1 0 _aDu pouvoir en France /
_cpar J. Wallon.
260 _aParis :
_bDidier,
_c1852 (
_fImp. de Pillet et fils ainé)
300 _aXII, 132 p. ;
_c18 cm.
651 4 _aFrancia-
_xHistoria-
_y1848-1852, II República.
_9146275
852 _aES-MaACL
_jT-456-F-1
_z- Enc. hol., falto de enc. original
_z- Enc. en un vol. facticio
999 _c167844
_d167844